MARC

LEADER 00000nam0a2200000 4500
001 296363
005 20231102000910.0
035 |a (RuTPU)RU\TPU\book\321469 
035 |a RU\TPU\book\53652 
090 |a 296363 
100 |a 20150529d1969 km y0rusy50 ca 
101 0 |a rus 
102 |a RU 
105 |a a z 001zy 
200 1 |a Типовые расчеты по электрооборудованию  |f В. И. Дьяков 
205 |a 4-е изд., перераб. и доп. 
210 |a Москва  |c Высшая школа  |d 1969 
215 |a 159 с.  |c ил. 
320 |a Библиогр.: с. 157. 
606 1 |a Электрооборудование  |x Расчет  |2 stltpush  |3 (RuTPU)RU\TPU\subj\20602  |9 45696 
610 1 |a электрооборудование 
610 1 |a расчет 
610 1 |a трансформаторы 
610 1 |a провода 
610 1 |a кабели 
610 1 |a освещение 
610 1 |a зарядные устройства 
610 1 |a полупроводниковые выпрямители 
610 1 |a электроустановки 
675 |a 621.31.001.24  |v 3 
700 1 |a Дьяков  |b В. И.  |g Василий Иванович 
801 1 |a RU  |b 63413507  |c 20030428  |g PSBO 
801 2 |a RU  |b 63413507  |c 20230220  |g PSBO 
942 |c BK